00475nam a22001457a 4500003000400000082001600004100001600020245008900036260003500125300000700160650001600167942001200183952011700195999001700312SGT a617.3bE23D aDUA, KARTIK aTo evaluate the functional outcome of surgical management of tibil plateau fractures aGURUGRAMbSGT UNIVERSITYc2023 a93 aORTHOPAEDIC 2ddccTH 00102ddc4051718MEDICALaFMbFMcREFd2024-06-25l0o617.3 E23DpDT1749r2024-06-25 00:00:00w2024-06-25yTH c26531d26531